Texas journal on civil liberties & civil rights

Bibliographic Details
Corporate Author: University of Texas at Austin. School of Law
Format: Serial
Language:English
Published: Austin, Tex. : University of Texas School of Law, 2003-
Subjects:
Online Access:Acceso restringido

MARC

LEADER 00000nas a2200000 a 4500
005 20110922132654.0
007 cr |||||||||||
008 050310c20039999xxu|||||s ||| 0 ||eng|c
022 |a 1930-2045  |y 1085-942X 
035 |a 4053 
040 |d vLex 
090 |c 2533  |d 2533 
245 0 0 |a Texas journal on civil liberties & civil rights  |h [Recurso electrn̤ico] 
246 3 |a Texas journal on civil liberties and civil rights 
256 |a Servico en ln̕ea. 
260 |a Austin, Tex. :  |b University of Texas School of Law,  |c 2003- 
300 |a 1 recurso electrn̤ico 
310 |a Semestral, Fall 2003- 
321 |a Quadrimestral, 2003 
362 |a Nm︢. 1 (2003) - 
500 |a Descripcin̤ realizada a partir de: Vol. 8, no. 2, (Fall 2003) 
506 1 |a Contenido solo disponible en los productos indicados  |d vLex Global  |d vLex Global (Academic Edition, excluding Law Schools)  |d vLex Global (U.S. Academic Edition, excluding Law Schools) 
650 0 4 |a Derechos civiles  |z Estados Unidos de Amřica  |x Revistas 
650 0 4 |a Derecho  |z Estados Unidos de Amřica  |x Revistas 
710 2 |a University of Texas at Austin.  |b School of Law 
740 0 |a vLex Revistas (Servicio en ln̕ea) 
856 4 0 |z Acceso restringido  |u http://vlex.com/source/texas-journal-civil-liberties-civil-rights-4053 
942 |c REV